Niektoré výsledky o produkčných funkciách

Podrobná bibliografia
Hlavný autor: Jurga, Rastislav, 1953- (Autor)
Médium: Článok
Jazyk:slovenčina
ISSN:0323-262X
Predmet:

MARC

LEADER 00000nab a2200000 a 4500
001 vtls008158895
003 SK-MaSNL
005 20260304134629.0
008 250505c2005 xo mr|p|||||||000 b|slo
015 |a SNBRB2005/06  |2 snkbucl 
035 |a (uuid)57e18355-d94b-47d5-aa53-49ff27144931 
035 |a urn:nbn:sk:snk-ab2e5b 
035 |a (urnnbn)urn:nbn:sk:snk:ar-a028mo 
038 |a SNKBUCL 
040 |a SNKBUCL  |b slo  |c SNKBUCL  |e AACR2 
041 0 |a slo  |b eng 
044 |a xo  |c SK 
080 |a 330.1:330.43  |2 1997 
080 |a 330.101.541  |2 1997 
080 |a 330.356.7  |2 1997 
080 |a 330.43  |2 1997 
080 |a 519.24  |2 1997 
100 1 |a Jurga, Rastislav,  |d 1953-  |4 aut  |9 207106 
245 1 0 |a Niektoré výsledky o produkčných funkciách  |c Rastislav Jurga 
504 |a Bibliogr. odkazy 
546 |a Res. angl. 
650 0 7 |a makroekonomická analýza  |2 snkbucl  |9 74644 
650 0 7 |a produkčné funkcie  |2 snkbucl  |9 74645 
650 0 7 |a matematická štatistika  |2 snkbucl  |9 777 
773 0 |t Ekonomické rozhľady = Economic Review  |g Roč. XXXIV, č. 2 (2005), s. 266-274  |x 0323-262X 
850 |a Slovenská národná knižnica 
852 |a Slovenská národná knižnica 
954 |a odborná, vedecká literatúra pôvodná (slovenská)  |2 lita 
958 |a article27 
958 |a NB 
958 |a OND 
958 |a EUIPO 
999 |c 2907476  |d 2909406